000 00550nam a2200169Ia 4500
008 090201s9999 xx 000 0 und d
010 _aKPL-73356
040 _bमराठी
041 _aमराठी
082 _a53839
_b73356
100 _aवा. ब. राहुडकर
245 _aबेकरी उत्पादने
_cवा. ब. राहुडकर
260 _c2005
_bसन पब्लिकेशन्स
300 _a64
_bमध्यम
600 _aबेकरी उत्पादने
942 _cBOOK
999 _c250260
_d250260